Normal view
MARC view
- لگن
Entry Topical Term
001 - CONTROL NUMBER
- control field: 127727
003 - CONTROL NUMBER IDENTIFIER
- control field: NUST
005 - DATE AND TIME OF LATEST TRANSACTION
- control field: 20250127092618.0
008 - FIXED-LENGTH DATA ELEMENTS
- fixed length control field: 250127|| aca||aabn | a|a d
040 ## - CATALOGING SOURCE
- Original cataloging agency: NUST
- Transcribing agency: NUST
150 ## - HEADING--TOPICAL TERM
- Topical term or geographic name entry element: لگن
670 ## - SOURCE DATA FOUND
- Source citation: Work cat.: (NUST)574331: Bushra Rehman 1897, لگن, 2001
